Nội dung xã hội và mỹ học tuồng đồ
Kaydedildi:
| Yazar: | |
|---|---|
| Diğer Yazarlar: | |
| Materyal Türü: | Kitap |
| Baskı/Yayın Bilgisi: |
H.
Khoa học xã hội
1984
|
| Konular: | |
| Etiketler: |
Etiketle
Etiket eklenmemiş, İlk siz ekleyin!
|
| Thư viện lưu trữ: | Trung tâm Học liệu Lê Vũ Hùng, Trường Đại học Đồng Tháp |
|---|
| LEADER | 00756pam a22002298a 4500 | ||
|---|---|---|---|
| 001 | 00017424 | ||
| 005 | 20171026081022.0 | ||
| 008 | 110419s1984 ||||||Viesd | ||
| 041 | 0 | # | |a Vie |
| 082 | 1 | 4 | |a 792.01 |b N452D |
| 100 | 0 | # | |a Lê Ngọc Cầu |
| 245 | 0 | 0 | |a Nội dung xã hội và mỹ học tuồng đồ |c Lê Ngọc Cầu, Phan Ngọc |
| 260 | # | # | |a H. |b Khoa học xã hội |c 1984 |
| 300 | # | # | |a 399tr. |c 19cm. |
| 650 | # | 4 | |a Mỹ học tuồng đồ |
| 653 | # | # | |a Nội dung tuồng đồ |
| 653 | # | # | |a Tuồng đồ |
| 700 | 0 | # | |a Phan Ngọc |
| 852 | # | # | |b Kho đọc |j KD.0002751 |
| 852 | # | # | |j KD.0002751 |
| 910 | |d 19/04/2011 | ||
| 980 | # | # | |a Trung tâm Học liệu Lê Vũ Hùng, Trường Đại học Đồng Tháp |